Statistics for United States Border States

Click here to take the quiz!

General Stats

  • This quiz has been taken 19 times
  • The average score is 13 of 14

Answer Stats

Mexican State/Canadian ProvinceUS State% Correct
British ColumbiaWashington
100%
British Columbia/Alberta/SaskatchewanMontana
100%
Tamaulipas/Coahuila/ChihuahuaTexas
100%
Chihuahua/SonoraNew Mexico
100%
Saskatchewan/ManitobaNorth Dakota
94%
OntarioMichigan
94%
Ontario/QuebecNew York
94%
SonoraArizona
94%
Baja CaliforniaCalifornia
94%
OntarioMinnesota
89%
QuebecVermont
89%
Quebec/New BrunswickMaine
89%
British ColumbiaIdaho
83%
QuebecNew Hampshire
83%

Score Distribution

Percentile by Number Answered

Percent of People with Each Score

Your Score History

You have not taken this quiz